000 00967nam2a22002531 4500
001 RU\NLR\INFOCOMM16\1000488099
005 20031203130035.0
035 _a(NLR Aleph) 002281333
090 _a4044878
_c4044878
100 _a20031203d1989 |||y0rusy50 ba
101 0 _arus
102 _aRU
105 _ay |||||||||
200 1 _aПлатежно-расчетные отношения развитых капиталистических стран:тенденции 70-х и 80-х годов
_fАчаркан В.В.
210 _d1989
461 0 _1001RU\NLR\INFOCOMM16\1000488088
_12001#$aАктуальные международные валютно-финансовые проблемы$eОбзор.иформ.$fН.-и.фин.ин-т$v1989, Вып.2
700 1 _aАчаркан
_bВ. В.
_4070
801 0 _aRU
_bNLR
_gPSBO
801 1 _aRU
_bInfoComm
_c20031203
852 _aNLR
_jП22/5060
942 _cISSUE
980 _aNB
980 _aRUSPER